000 02133nam a22003377a 4500
003 DO-SdBNP
005 20220705112110.0
007 ta
008 090703s2020 dr acd 000 0 spa d
020 _a9789945613728
040 _aDO-SdBNP
_bspa
_cBNPHU
082 4 _a305.42097293
_bM385a, 2020
_222
100 1 _aMartínez Jiménez, Lusitania Francisca,
_98400
245 1 0 _aActitudes femeninas frente a los oficios no tradicionales /
_cLusitania Francisca Martínez Jiménez ; cuidado de edición Daniel García Santos y Juan Francisco Domínguez Novas.
250 _a2da. ed.
260 _aSanto Domingo :
_bArchivo General de la Nación,
_c2020.
300 _a210 p. :
_bil. ;
_c21 cm.
490 1 _aArchivo General de la Nación ;
_v405
500 _aIncluye referencias bibliográficas y notas al pie de las páginas.
504 _aBibliografia : p. 199-210
505 0 _aÍndice de cuadros -- Nota a la segunda edición -- Presentación a la primera edición (1994) -- Primera parte -- La división sexual del trabajo: actividades reproductivas y productivas de la mujer -- Epílogo a la primera parte y preámbulo para la segunda -- La homosexualidad de la división del trabajo -- Segunda parte -- Introducción. Lo concreto: mujer y trabajo en América Latina -- República Dominicana: educación, mujer, trabajo y crisis -- Educación, trabajo y mujer -- Las actitudes femeninas -- Tercera parte -- Los Mina norte: breve contexto global -- Los Mina Norte: un caso de marginalidad -- Los resultados de las entrevistas -- Algunas preguntas de investigación -- Cuadros y gráficos -- Conclusiones y recomendaciones – Anexos – Bibliografía.
590 _aInventariado, 2021/LP
650 4 _aEducación de la mujer
_zRepública Dominicana
_98402
650 4 _aMujeres en República Dominicana
_92066
651 4 _aTrabajo de la mujer
_zRepública Dominicana
_98401
700 1 _a García Santos, Daniel,
_eed.
_98403
700 1 _aDomínguez Novas, Juan Francisco,
_eed.
_973382
830 0 _aArchivo General de la Nación ;
_n405
_980666
910 _aValidado. Control de calidad MFF
942 _2ddc
_cLBS1
999 _c50991
_d50991